000
00330 a2200157 4500
001
61266
020
_a
9783190173389
040
_c
Anchieta - Pituba
100
_a
Späth, Christine
240
1
0
_a
Und jetzt íhr!
_l
por
245
1
0
_a
Und jetzt íhr!
300
_a
24
362
0
_a
2013
650
4
_a
Língua alemã
942
_c
BK
999
_c
61266
_d
61266